000 00925nam a2200217 a 4500
008 071203s2000 ||||||||||||||||| || u
020 _a0471383112
050 _aQD 453.2 Sil
100 _aAlberty, Robert A
245 1 0 _aPhysical chemistry. (3rd ed.)
_cRobert A. Silbey; Robert J. Alberty
250 _a3rd ed.
260 _aNew York
_bJohn Wiley and Sons
_c2000
300 _avii, 969 : ill.
350 _a0.00
500 _aAlberty's name appears first on the previous editions.
650 0 _aCHEMISTRY, PHYSICAL AND THEORETICAL
650 0 _aCHEMISTRY--HANDBOOKS, MANUALS, ETC
700 _aSilbey, Robert J
995 _aSHORT LOAN BOOKS
_D0.00
_e738175
_FCBU-MAIN LIBRARY (Kitwe)
_H1
_I0.00
_jQD 453.2 Sil
_M2
_UAVAILABLE
_WDec 3, 2007
_y738175
_ZShort Loan Collection
995 _aSHORT LOAN BOOKS
_D0.00
_e738174
_FCBU-MAIN LIBRARY (Kitwe)
_H1
_I0.00
_jQD 453.2 Sil
_M1
_UAVAILABLE
_WDec 3, 2007
_y738174
_ZShort Loan Collection
999 _c81888
_d81888